ARRUPE JESUIT UNIVERSITY

CORONAVIRUS -STOP THE SPREAD - CLEAN,DISINFECT,COVER

Mystical phenomena compared with their human and diabolical counterfeits; (Record no. 118274)

MARC details
000 -LEADER
fixed length control field 01048cam a22002651 4500
001 - CONTROL NUMBER
control field 7332068
003 - CONTROL NUMBER IDENTIFIER
control field ARRUPE
005 - DATE AND TIME OF LATEST TRANSACTION
control field 20131007174611.0
008 - FIXED-LENGTH DATA ELEMENTS--GENERAL INFORMATION
fixed length control field 760513s1926 xx 001 0 eng
010 ## - LIBRARY OF CONGRESS CONTROL NUMBER
LC control number 27000439
035 ## - SYSTEM CONTROL NUMBER
System control number (OCoLC)2175017
040 ## - CATALOGING SOURCE
Original cataloging agency DLC
Transcribing agency MNS
Modifying agency DLC
041 1# - LANGUAGE CODE
Language code of text/sound track or separate title engfre
042 ## - AUTHENTICATION CODE
Authentication code premarc
050 00 - LIBRARY OF CONGRESS CALL NUMBER
Classification number BV5090
Item number .F3 1925
300 ## - PHYSICAL DESCRIPTION
Dimensions 22 cm.
100 1# - MAIN ENTRY--PERSONAL NAME
Personal name Farges, Albert,
Dates associated with a name 1848-1926.
9 (RLIN) 2228
245 10 - TITLE STATEMENT
Title Mystical phenomena compared with their human and diabolical counterfeits;
Remainder of title a treatise on mystical theology in agreement with the principles of St. Teresa set forth by the Carmelite Congress of 1923 at Madrid,
Statement of responsibility, etc by Mgr. Albert Farges. Translated from the 2d French ed. by S. P. Jacques.
260 ## - PUBLICATION, DISTRIBUTION, ETC. (IMPRINT)
Place of publication, distribution, etc London,
Name of publisher, distributor, etc Burns, Oates & Washbourne,
Date of publication, distribution, etc 1926.
300 ## - PHYSICAL DESCRIPTION
Extent xvi, 668 p.
504 ## - BIBLIOGRAPHY, ETC. NOTE
Bibliography, etc "Bibliography of the better known authors": p. 652-655.
650 #0 - SUBJECT ADDED ENTRY--TOPICAL TERM
Topical term or geographic name as entry element Mysticism
General subdivision Catholic Church.
9 (RLIN) 2229
700 1# - ADDED ENTRY--PERSONAL NAME
Personal name Jacques, S. P.,
Relator term tr.
9 (RLIN) 2230
906 ## - LOCAL DATA ELEMENT F, LDF (RLIN)
a 7
b cbc
c oclcrpl
d u
e ncip
f 19
g y-gencatlg
942 ## - ADDED ENTRY ELEMENTS (KOHA)
Source of classification or shelving scheme Library of Congress Classification
Koha item type Monograph ( Printed materials)
Holdings
Withdrawn status Lost status Source of classification or shelving scheme Damaged status Not for loan Home library Current library Shelving location Date acquired Total Checkouts Full call number Barcode Date last seen Price effective from Koha item type
    Library of Congress Classification     ARRUPE LIBRARY ARRUPE LIBRARY Main Collection 07/10/2013   BV5090 .F3 1925 46410583 24/01/2017 07/10/2013 Monograph ( Printed materials)

 

Arrupe Library. PO Box MP320 Mt Pleasant, Harare, Zimbabwe
263 242 745411|librarian@aju.ac.zw